Towards a better international economic order

محفوظ في:
التفاصيل البيبلوغرافية
المؤلف الرئيسي: Tinbergen, Jan
التنسيق: كتاب
اللغة:Undetermined
منشور في: New York United Nations Institute for Training and Research 1971
الموضوعات:
الوسوم: إضافة وسم
لا توجد وسوم, كن أول من يضع وسما على هذه التسجيلة!
Thư viện lưu trữ: Trung tâm Học liệu Trường Đại học Cần Thơ
LEADER 00568nam a2200193Ia 4500
001 CTU_81379
008 210402s9999 xx 000 0 und d
082 |a 330.9 
082 |b T587 
100 |a Tinbergen, Jan 
245 0 |a Towards a better international economic order 
245 0 |c Jan Tinbergen 
260 |a New York 
260 |b United Nations Institute for Training and Research 
260 |c 1971 
650 |a Economic history,Economic policy 
650 |y 1945-1971 
904 |i Trọng Hải 
980 |a Trung tâm Học liệu Trường Đại học Cần Thơ